000 00720nam a2200253 a 4500
001 62188
003 BD-RjUL
005 20211209081043.0
008 170123s2004 enka 001 0 eng
020 _a0393731480
035 _a(BD-RjUL)62313
040 _aDLC
_cDLC
_dBD-RjUL
_beng
041 1 _aeng
_hdan
082 0 0 _a758.42
_223
_bKOH 2004
100 1 _aKoustrup, Birthe,
_d1917-
_9184971
245 1 0 _aHandbook of decorative motifs /
_cBirthe Koustrup.
260 _aNew York :
_bW.W. Norton,
_cc2004.
300 _a256 p. :
_bill. ;
_c25 cm.
500 _aIncludes index.
650 0 _aDecoration and ornament
_xThemes, motives.
_9184972
942 _2ddc
_cBK
999 _c62188
_d62188